Marques de voiture - Statistiques

Statistiques générales
  • Ce quiz a été pris 181 fois
  • Le résultat moyen est 29 sur 166
Statistiques - réponses
Lettre Réponse % Correct
A Audi
83%
B BMW
80%
R Renault
80%
P Peugeot
76%
F Ferrari
75%
M Mercedes
71%
L Lamborghini
69%
F Ford
68%
A Aston Martin
67%
C Citroen
67%
T Toyota
67%
P Porsche
66%
V Volkswagen
65%
F Fiat
60%
H Honda
60%
B Bugatti
56%
H Hyundai
56%
A Alfa Romeo
55%
D Dacia
55%
B Bentley
54%
C Chevrolet
54%
O Opel
53%
J Jaguar
52%
K Kia
51%
T Tesla
50%
M Maserati
47%
N Nissan
47%
S Seat
45%
M Mini
44%
S Suzuki
44%
V Volvo
44%
S Skoda
43%
R Rolls Royce
42%
L Land Rover
39%
C Cadillac
38%
J Jeep
38%
L Lexus
38%
L Lancia
37%
D Dodge
33%
L Lada
33%
M Mitsubishi
33%
S Subaru
30%
L Lotus
29%
A Abarth
28%
M Mazda
28%
C Chrysler
26%
S Smart
26%
C Cupra
25%
D Ds
25%
M Mclaren
25%
M Mg
24%
P Pontiac
21%
G Gmc
18%
S Saab
17%
A Ac
16%
I Infiniti
15%
I Iveco
13%
L Lincoln
13%
H Hummer
12%
B Buick
11%
I Isuzu
11%
K Ktm
11%
A Alpina
10%
D Delorean
9%
S Shelby
8%
A Aixam
7%
B Byd
7%
S Simca
7%
C Caterham
6%
D Daihatsu
6%
D Daimler
6%
L Ligier
6%
M Mega
6%
M Morgan
6%
P Plymouth
6%
S Ssangyong
6%
T Triumph
6%
A Amc
5%
M Mercury
5%
V Venturi
5%
A Autobianchi
4%
P Panhard
4%
S Saturn
4%
V Vespa
4%
D Datsun
3%
M Matra
3%
S Saleen
3%
T Tvr
3%
A Austin Healey
2%
C Chatenet
2%
C Colani
2%
D Dangel
2%
D Desoto
2%
D De Tomaso
2%
F Fisker
2%
H Hommell
2%
H Hotchkiss
2%
L Lynk&co
2%
M Microcar
2%
N Nsu
2%
O Oldsmobile
2%
P Panther
2%
P Polestar
2%
W Wiesman
2%
X Xpeng
2%
A Aiways
1%
B Bellier
1%
B Burbys
1%
C Cord
1%
D Delahaye
1%
D Donkervoort
1%
E Edsel
1%
E Eli
1%
E Excalibur
1%
H Hudson
1%
J Jensen
1%
J Jiayuan
1%
M Mia
1%
N Nash
1%
P Pgo
1%
S Santana
1%
S Seres
1%
W Westfield
1%
W Willys
1%
Z Zenos
1%
A Anaig
0%
A Auburn
0%
A Auverland
0%
B Bluecar
0%
B Boschetti
0%
C Carbodies
0%
C Casalini
0%
C Changan
0%
D Devinci
0%
E Eon Motors
0%
G Grecav
0%
G Gwm
0%
I Ineos
0%
I International Harvester
0%
J Jdm
0%
K Kaiser
0%
L Lasalle
0%
L Leapmotor
0%
L Lucid Motors
0%
M Maxus
0%
M Mlt Automotive
0%
M Mpm Motors
0%
N Noun
0%
N Nova Bus
0%
O Oxygo
0%
P Packard
0%
R Rover Mg
0%
S Secma
0%
S Silence
0%
S Skyworth
0%
S Studebaker
0%
S Sunbeam
0%
S Super73
0%
S Supersanta
0%
T Tazzari
0%
T Tempo
0%
T Think
0%
V Vinfast
0%
X Xev
0%
Z Zeekr
0%
Aucun quiz correspondant
Distribution des résultats
% des personnes avec chaque résultat
Percentile par nombre de réponses
Votre historique - résultats
Vous n’avez pas pris ce quiz